| 000 | 00438cam a2200181ua 4500 | ||
|---|---|---|---|
| 020 | _c125.00 | ||
| 041 |
_aeng _h |
||
| 082 |
_a533.62 _bKRA/AE |
||
| 100 | _aKrasnov, N F . | ||
| 245 |
_aAerodynamics / _cN F Krasnov. _hTextual Documents |
||
| 250 |
_a1 / _b. |
||
| 260 |
_aNew Delhi : _bAmerind Publishing Co Pvt Ltd , _c1978. |
||
| 300 | _a740 ; . | ||
| 365 | _a125.00 | ||
| 504 | _a | ||
| 942 | _cBK | ||
| 999 |
_c7528 _d7528 |
||